02568nam a22002777a 4500003000400000005001700004008004100021020001500062037001600077040004000093041000800133082001400141100003500155245004500190260004800235300002900283520159900312521003201911546002201943650004801965650006002013650005202073942001202125999001702137952013602154OSt20240712143021.0231219t20202019-us er 000 f eng d a0446608955 3Donación  aCO-JMCRcCO-JMCRdCO-JMCRerdabspa aeng04aA-NbSPAa1 aSparks, Nicholas,eAutor9815210aA walk to remember / cNicholas Sparks. aNew York : bWarner Books , c2000c©1999 a240 páginas ;c17 cm. 3 a"There was a time when the world was sweeter..... when the women in Beaufort, North Carolina, wore dresses and the men wore hats..... Every April, when the wind smells both of the sea and of lilacs, Landon Carter remembers 1958, his senior year at Beaufort High. Landon had dated a girl or two, and even once swore he was in love. Certainly, the last person he thought he would fall in love with was Jamie, the shy, almost ethereal daughter of the town's Baptist pastor.... Jamie, who was destined to show him the depths of the human heart, and the joy and pain of living. The inspiration for this novel came from Nicholas Sparks' sister: her life and her courage. From international bestselling author Nicholas Sparks, comes his most moving story yet."b"Hubo un tiempo en que el mundo era más dulce... cuando las mujeres en Beaufort, Carolina del Norte, usaban vestidos y los hombres sombreros... Cada abril, cuando el viento huele tanto a mar como a lilas, Landon Carter recuerda 1958, su último año en Beaufort High. Landon había salido con una chica o dos, e incluso una vez juró que estaba enamorado. Ciertamente, la última persona de la que pensó que se enamoraría fue Jamie, la tímida y casi etérea hija del pastor bautista del pueblo... Jamie, que estaba destinada a mostrarle las profundidades del corazón humano, y la alegría y el dolor de viviendo. La inspiración para esta novela provino de la hermana de Nicholas Sparks: su vida y su coraje. Del autor de bestsellers internacionales Nicholas Sparks, llega su historia más conmovedora hasta el momento". aJóvenes de 16 a 18 años aTexto en inglés142JMCRaNovela estadounidenseySiglo xx96991242JMCRaAdolescentes en la literaturaxLiteratura 943099342JMCRaAmor en la literaturaxLiteratura 943100 2ddccBK c30480d16864 00104070aCPLbCPLcFICd2023-11-30eDonación l2oA-N SPAap201811853r2024-04-04 00:00:00s2024-04-03tEj. 1 w2023-12-19yBK